000
00319nam a2200133Ia 4500
100
_a
Gupta/ N.K. Ed.
942
_c
BK
654
_a
Plasticity & impact mechanics
245
_a
Plasticity & Impact Mechanics
260
_b
Wiley eastern
_a
New Delhi
_c
1993
082
_a
671.35
_b
PAN
546
_a
ENGLISH
999
_c
23333
_d
23333